| Tag |
First Indicator |
Second Indicator |
Subfields |
| LEADER |
00000cam a2200000I 4500 |
| 001 |
in00002371521 |
| 005 |
20151109042532.0 |
| 008 |
830917s1918 nyu 000 0 eng |
| 010 |
|
|
|a 19017600
|
| 035 |
|
|
|a (OCoLC)ocm09920329
|
| 035 |
|
|
|a (OCoLC)9920329
|
| 040 |
|
|
|a DLC
|c BOS
|d TXA
|d UtOrBLW
|
| 049 |
|
|
|a TXAM
|
| 050 |
0 |
0 |
|a D646
|b .P3 1918
|
| 110 |
2 |
|
|a Parti socialiste belge.
|
| 245 |
1 |
0 |
|a Memorandum on peace terms /
|c The Belgian Labour Party (Parti Ouvrier Belge).
|
| 264 |
|
1 |
|a New York :
|b G.H. Doran Company,
|c 1918.
|
| 300 |
|
|
|a 38 pages ;
|c 20 cm.
|
| 336 |
|
|
|a text
|b txt
|2 rdacontent
|
| 337 |
|
|
|a unmediated
|b n
|2 rdamedia
|
| 338 |
|
|
|a volume
|b nc
|2 rdacarrier
|
| 500 |
|
|
|a Published by the party under its earlier name: Parti ouvrier belge.
|
| 500 |
|
|
|a Cushing Library Ragan Military copy part of the Alan Culpin Military History Collection.
|
| 650 |
|
0 |
|a World War, 1914-1918
|x Peace.
|
| 994 |
|
|
|a C0
|b TXA
|
| 948 |
|
|
|a cataloged
|b h
|c 2008/4/10
|d c
|e blrosas
|f 2:44:09 pm
|
| 999 |
|
|
|a MARS
|
| 999 |
f |
f |
|s fafb97ef-8932-3656-8348-846611de2431
|i 402ad620-86f9-34bd-9b79-a2eef3fc7110
|t 0
|
| 952 |
f |
f |
|p noncirc
|a Texas A&M University
|b College Station
|c Cushing Memorial Library & Archives
|d Cushing: Ragan Military (Does not check out)
|t 0
|e D646 .P3 1918
|h Library of Congress classification
|i unmediated -- volume
|m A14852144014
|
| 998 |
f |
f |
|a D646 .P3 1918
|t 0
|l Cushing: Ragan Military (Does not check out)
|